Discworld Novels Quiz Stats

Quiz Updated Jun 28, 2017

Score 0/41 Timer 10:00
7 Plays Today
Year Novel % Correct
1983The Colour of Magic
93.6%
1987Mort
88.1%
1986The Light Fantastic
83%
1989Guards! Guards!
82.2%
2004Going Postal
78.8%
1996Hogfather
75%
2007Making Money
71.8%
2002Night Watch
71.3%
2013Raising Steam
69.9%
2005Thud!
69%
1987Equal Rites
67.9%
1988Wyrd Sisters
66.8%
1999The Fifth Elephant
66.7%
1994Soul Music
66.6%
1989Pyramids
66.4%
1991Witches Abroad
65.5%
1990(Faust) Eric
65.2%
2001Thief of Time
65%
1991Reaper Man
64.9%
1996Feet of Clay
63.6%
1997Jingo
63.6%
Year Novel % Correct
2003The Wee Free Men
63.1%
1988Sourcery
62.2%
2011Snuff
61.1%
1998The Last Continent
60.9%
1992Small Gods
60.4%
1992Lords and Ladies
60.2%
1990Moving Pictures
59.6%
1998Carpe Jugulum
58.2%
1993Men at Arms
56.2%
1995Maskerade
55.8%
1994Interesting Times
55.4%
2015The Shepherd's Crown
55.2%
2003Monstrous Regiment
53.9%
2004A Hat Full of Sky
53.4%
2000The Truth
52.4%
2006Wintersmith
51.4%
2001The Last Hero
40.9%
2009Unseen Academicals
33.9%
2001The Amazing Maurice and his Educated Rodents
33.8%
2010I Shall Wear Midnight
22.8%
 
Number % Answered
41 (all)
2%
36-40
19%
31-35
16.5%
26-30
13.6%
21-25
12.1%
16-20
10.2%
11-15
9.1%
6-10
9.4%
1-5
8%

You're not logged in!

Compare scores with friends on all Sporcle quizzes.
Sign Up with Email
OR
Log In

You Might Also Like...

Show Comments

Extras


Your Account Isn't Verified!

In order to create a playlist on Sporcle, you need to verify the email address you used during registration. Go to your Sporcle Settings to finish the process.